Catálogo

Microeconomía / (Registro nro. 711)

Detalles MARC
000 -LEADER
fixed length control field 01181cam a2200313 i 4500
001 - CONTROL NUMBER
control field 711
003 - CONTROL NUMBER IDENTIFIER
control field Mx-PuUPA
005 - DATE AND TIME OF LATEST TRANSACTION
control field 20260216100700.0
008 - FIXED-LENGTH DATA ELEMENTS--GENERAL INFORMATION
fixed length control field 140415s1985 mx d gr 000 0 spa d
020 ## - INTERNATIONAL STANDARD BOOK NUMBER
International Standard Book Number 968727008X
040 ## - CATALOGING SOURCE
Original cataloging agency Mx-PuUPA
Language of cataloging spa
Transcribing agency Mx-PuUPA
Modifying agency Mx-PuUPA
Description conventions rda
041 0# - LANGUAGE CODE
Language code of text/sound track or separate title spa
100 1# - MAIN ENTRY--PERSONAL NAME
Personal name Call, Steven T.,
Relator term autor
240 10 - UNIFORM TITLE
Uniform title Microeconomics.
Language of a work Español
245 10 - TITLE STATEMENT
Title Microeconomía /
Statement of responsibility, etc. Steven T. Call, William L. Holahan ; traductores, Dr. Eduardo Pérez Mota, Dr. Carlos Petersen
264 #1 - PRODUCTION, PUBLICATION, DISTRIBUTION, MANUFACTURE, AND COPYRIGHT NOTICE
Place of production, publication, distribution, manufacture México, D.F. :
Name of producer, publisher, distributor, manufacturer Grupo Editorial Iberoamérica,
Date of production, publication, distribution, manufacture, or copyright notice ©1985
300 ## - PHYSICAL DESCRIPTION
Extent 575 páginas :
Other physical details iilustraciones, gráficas, tablas, fórmulas ;
Dimensions 24 cm
336 ## - CONTENT TYPE
Fuente rdacontent
Content type term texto
Content type code txt
337 ## - MEDIA TYPE
Source rdamedia
Media type term sin medio
Media type code n
338 ## - CARRIER TYPE
Source rdacarrier
Carrier type term volumen
Carrier type code nc
650 #7 - SUBJECT ADDED ENTRY--TOPICAL TERM
Source of heading or term armarc
Topical term or geographic name entry element Microeconomía
700 1# - ADDED ENTRY--PERSONAL NAME
Personal name Holahan, Wiliam L.,
Relator term autor
700 1# - ADDED ENTRY--PERSONAL NAME
Personal name Pérez Mota, Eduardo,
Relator term traductor
700 1# - ADDED ENTRY--PERSONAL NAME
Personal name Petersen, Carlos,
Relator term traductor
765 0# - ORIGINAL LANGUAGE ENTRY
Main entry heading Call, Steven T.,
Edition Second edition
Place, publisher, and date of publication [Lugar de publicación no identificado] : Wadsworth, ©1983
Title Microeconomics.
942 ## - ADDED ENTRY ELEMENTS (KOHA)
Source of classification or shelving scheme Dewey Decimal Classification
Koha item type Libro
Classification part 338.5
Item part C4518
Existencias
Withdrawn status Lost status Source of classification or shelving scheme Damaged status Not for loan Home library Current library Shelving location Date acquired Source of acquisition Total Checkouts Full call number Barcode Price effective from Koha item type Collection code Date last seen Date last checked out Total Renewals Copy number
  Extraviado Dewey Decimal Classification     Biblioteca Karol Wojtyla Biblioteca Karol Wojtyla   03/12/2013 Compra   338.5 CAL 10952 03/12/2013 Libro          
  Extraviado Dewey Decimal Classification     Biblioteca Karol Wojtyla Biblioteca Karol Wojtyla   03/12/2013 Compra   338.5 CAL 5938 03/12/2013 Libro          
  Extraviado Dewey Decimal Classification     Biblioteca Karol Wojtyla Biblioteca Karol Wojtyla   03/12/2013 Compra   338.5 CAL 40045 03/12/2013 Libro          
    Dewey Decimal Classification     Biblioteca Karol Wojtyla Biblioteca Karol Wojtyla Sala general 03/12/2013 Compra 1 338.5 C4518 1985 22332 03/12/2013 Libro General 17/02/2026 16/11/2018    
Descarte   Dewey Decimal Classification     Biblioteca Karol Wojtyla Biblioteca Karol Wojtyla Sala general 03/12/2013 Compra 4 338.5 CAL 77216 03/12/2013 Libro General 22/01/2026 20/01/2026 1  
Descarte   Dewey Decimal Classification     Biblioteca Karol Wojtyla Biblioteca Karol Wojtyla   03/12/2013 Compra   338.5 CAL 22331 03/12/2013 Libro          
    Dewey Decimal Classification     Biblioteca Karol Wojtyla Biblioteca Karol Wojtyla Sala general 03/12/2013 Compra   338.5 C4518 1985 28402 03/12/2013 Libro General 17/02/2026     Ej.2
    Dewey Decimal Classification     Tehuacán Tehuacán Sala general 03/12/2013 Compra   338.5 CALL 502109 03/12/2013 Libro General